000 00700nam a22002297a 4500
001 09174
003 HDC
007 cr bn ---aaaaa
008 210130c20190723my |||| o||| 00| 0|may
040 _aHDC
245 0 _aIndia dijangka tingkat import minyak masak
336 _atext
_2rdacontent
337 _acomputer
_2rdamedia
338 _aonline resource
_2rdacarrier
650 _aEkonomi
_96434
650 _aPerdagangan
_98789
710 _aBerita Harian
856 _zRequest full-text at [email protected]
942 _2lcc
942 _cNEWS
942 _kNWSC 001758
999 _c6497
_d6497